000 01597cam a22004334a 4500
001 97343
005 20230410130558.0
008 090616s2009 fr a b 001 0 fre
010 _a 2009456720
035 _a(OCoLC)ocn406148041
040 _aDLC
_cDLC
_dTZT
_dAUXAM
_dHEBIS
020 _a9782200355623
020 _a2200355629
035 _a(OCoLC)406148041
043 _an-us---
050 1 4 _aPN 1993.5
_bA921e 2009
082 1 4 _a384.80973
049 _aGRAL
100 1 _aAugros, Joél,
_d1957-
245 1 2 _aL'économie du cinéma américain :
_bhistoire d'une industrie culturelle et de ses stratégies /
_cJoèel Augros, Kira Kitsopanidou.
260 _aParis :
_bArmand Colin,
_cc2009.
300 _a286 p. :
_bill. ;
_c21 cm.
440 0 _aArmand Colin cinéma
500 _aIncludes glossary.
504 _aIncludes bibliographical references (p. [247]-256) and indexes.
650 0 _aMotion picture industry
_xEconomic aspects
_zUnited States
_xHistory.
650 4 _aIndustria cinematográfica
_zHollywood.
650 4 _aCine
_xComercio
_zHollywood.
650 4 _aIndustria cinematográfica
_xFinanciación
_zHollywood.
650 4 _aIndustria cinematográfica
_xProducción
_zHollywood.
650 4 _aCine
_xAspectos económicos
_zEstados Unidos.
650 4 _aIndustria cinematográfica
_xFinanciación
_zEstados Unidos.
700 1 _aKitsopanidou, Kira.
938 _aJean Touzot Libraire Editeur
_bTOUZ
_nJTL00251651
_c20 EUR
938 _aAux Amateurs de Livres
_bAUXA
_nAAL0449796-0001
_c20,00 EUR
942 _2lcc
_cbk
946 _amjcruz
994 _aC0
_bDRFGD
999 _c76534
_d76534